000 nam a22 7a 4500
999 _c25381
_d25381
008 170131b xxu||||| |||| 00| 0 eng d
020 _a007868174x
050 _aQA 11.2 .L96 2006
100 _aLynch.
245 _aMathMatters 1:
_ban integrated program/
_cLynch, Olmstead and DeForest-Davis.
260 _aNewYork :
_bMcGraw-Hill,
_c2006.
300 _axviii, 661p. :
_bill. ;
_c28cm.
500 _aInclude index.
650 _aMathematics.
700 _aOlmstead.
700 _aDeforest-Davis.
942 _2lcc
_cBOOKS